Humanities At The CrossRoads: (Record no. 182112)
[ view plain ]
| 000 -LEADER | |
|---|---|
| fixed length control field | 00631nam a22002057a 4500 |
| 005 - DATE AND TIME OF LATEST TRANSACTION | |
| control field | 20211025152001.0 |
| 010 ## - LCCN (DPL NO) | |
| LC control number | ENG-130063 |
| 020 ## - INTERNATIONAL STANDARD BOOK NUMBER | |
| International Standard Book Number | 978-93-5287-997-7 |
| Terms of availability | 750.00 |
| 035 ## - SYSTEM CONTROL NUMBER | |
| System control number | EN-113595 |
| 037 ## - SOURCE OF ACQUISITION | |
| Source of stock number/acquisition | DBAD/PUB |
| 082 ## - DEWEY DECIMAL CLASSIFICATION NUMBER | |
| Classification number | 301 |
| 100 ## - MAIN ENTRY--PERSONAL NAME | |
| Personal name | Walia,Sheley |
| 245 ## - TITLE STATEMENT | |
| Title | Humanities At The CrossRoads: |
| Remainder of title | Reflections on Theory,Culture And Resistance |
| Statement of responsibility, etc | by Shelley Walia |
| 250 ## - EDITION STATEMENT | |
| Edition statement | 2020 |
| 260 ## - PUBLICATION, DISTRIBUTION, ETC. (IMPRINT) | |
| Name of publisher, distributor, etc | ORIENT BLACKSWAN PRIVATE LIMITED |
| Date of publication, distribution, etc | 2020 |
| Place of publication, distribution, etc | Telangana |
| 270 ## - ADDRESS | |
| Address | 3-6-752, Himayatnagar |
| Postal code | 500 029 |
| City | Hyderabad |
| 300 ## - PHYSICAL DESCRIPTION | |
| Extent | xi,207p |
| Dimensions | 22cm (hbk) |
| 500 ## - GENERAL NOTE | |
| General note | include index |
| 942 ## - ADDED ENTRY ELEMENTS (KOHA) | |
| Source of classification or shelving scheme | Dewey Decimal Classification |
| Item type | English Books |
| Classification part | 301 |
| Call number suffix | WAL |
| Withdrawn status | Lost status | Not for loan | Collection code | Home library | Current library | Date acquired | Source of acquisition | Cost, normal purchase price | Full call number | Barcode | Copy number | Cost, replacement price | Koha item type |
|---|---|---|---|---|---|---|---|---|---|---|---|---|---|
| Non-fiction | Bawana | Bawana | 25/10/2021 | dbad/pub | 750.00 | 301 WAL | EN-113595 | 1 | 750.00 | English Books |
